MARC details
| 000 -LEADER |
| fixed length control field |
02074cam a22004335i 4500 |
| 001 - CONTROL NUMBER |
| control field |
data |
| 005 - DATE AND TIME OF LATEST TRANSACTION |
| control field |
20260322212113.0 |
| 008 - FIXED-LENGTH DATA ELEMENTS--GENERAL INFORMATION |
| fixed length control field |
data |
| 035 ## - SYSTEM CONTROL NUMBER |
| System control number |
23419335 |
| 010 ## - LIBRARY OF CONGRESS CONTROL NUMBER |
| LC control number |
2013913491 |
| 020 ## - INTERNATIONAL STANDARD BOOK NUMBER |
| International Standard Book Number |
9781623653354 |
| Qualifying information |
(paperback) |
| 035 ## - SYSTEM CONTROL NUMBER |
| System control number |
(OCoLC)871337915 |
| 040 ## - CATALOGING SOURCE |
| Original cataloging agency |
TOH |
| Language of cataloging |
eng |
| Description conventions |
rda |
| Transcribing agency |
TOH |
| Modifying agency |
DLC |
| -- |
BDX |
| -- |
FOLLT |
| -- |
HCO |
| -- |
YDXCP |
| -- |
OCLCF |
| -- |
CGP |
| -- |
BEDGE |
| -- |
OCLCQ |
| -- |
OCLCO |
| -- |
DLC |
| 042 ## - AUTHENTICATION CODE |
| Authentication code |
lccopycat |
| 082 04 - DEWEY DECIMAL CLASSIFICATION NUMBER |
| Classification number |
330/.02 |
| Edition information |
23 |
| 097 00 - |
| -- |
HB171 |
| -- |
.K484 2014 |
| 100 1# - MAIN ENTRY--PERSONAL NAME |
| Personal name |
Kishtainy, Niall, |
| Relator term |
author. |
| 245 10 - TITLE STATEMENT |
| Title |
Economics in minutes / |
| Statement of responsibility, etc. |
Niall Kishtainy. |
| 264 #1 - PRODUCTION, PUBLICATION, DISTRIBUTION, MANUFACTURE, AND COPYRIGHT NOTICE |
| Place of production, publication, distribution, manufacture |
London : |
| -- |
London : |
| Name of producer, publisher, distributor, manufacturer |
Quercus, |
| Date of production, publication, distribution, manufacture, or copyright notice |
2014. |
| 264 #2 - PRODUCTION, PUBLICATION, DISTRIBUTION, MANUFACTURE, AND COPYRIGHT NOTICE |
| Place of production, publication, distribution, manufacture |
New York, NY : |
| Name of producer, publisher, distributor, manufacturer |
Distributed in the United States and Canada by Random House Publisher Services |
| 300 ## - PHYSICAL DESCRIPTION |
| Extent |
415 pages : |
| Other physical details |
illustrations ; |
| Dimensions |
13 cm |
| 336 ## - CONTENT TYPE |
| Content type term |
text |
| Content type code |
txt |
| Source |
rdacontent |
| 336 ## - CONTENT TYPE |
| Content type term |
still image |
| Content type code |
sti |
| Source |
rdacontent |
| 337 ## - MEDIA TYPE |
| Media type term |
unmediated |
| Media type code |
n |
| Source |
rdamedia |
| 338 ## - CARRIER TYPE |
| Carrier type term |
volume |
| Carrier type code |
nc |
| Source |
rdacarrier |
| 500 ## - GENERAL NOTE |
| General note |
"200 key concepts explained in an instant"--Cover. |
| 500 ## - GENERAL NOTE |
| General note |
Includes index. |
| 505 1# - FORMATTED CONTENTS NOTE |
| Formatted contents note |
Introduction -- Markets, efficiency, and fairness -- Money and finance -- Firms and industry -- Income, unemployment, and inflation -- Economic policy and the government -- The international economy -- Society and the economy -- Growth and development -- Glossary. |
| 520 ## - SUMMARY, ETC. |
| Summary, etc. |
"The quickest possible way to learn about the principles of economics, from supply and demand to financial bubbles and fair trade"--Page 4 of cover. |
| 520 ## - SUMMARY, ETC. |
| Summary, etc. |
Introduction -- Markets, efficiency, and fairness -- Money and finance -- Firms and industry -- Income, unemployment, and inflation -- Economic policy and the government -- The international economy -- Society and the economy -- Growth and development -- Glossary. |
| 650 #0 - SUBJECT ADDED ENTRY--TOPICAL TERM |
| Topical term or geographic name entry element |
Economics. |
| 650 #0 - SUBJECT ADDED ENTRY--TOPICAL TERM |
| Topical term or geographic name entry element |
Economics |
| General subdivision |
History. |
| 650 #2 - SUBJECT ADDED ENTRY--TOPICAL TERM |
| Topical term or geographic name entry element |
Economics |
| 650 #7 - SUBJECT ADDED ENTRY--TOPICAL TERM |
| Topical term or geographic name entry element |
economics. |
| Source of heading or term |
aat |
| 650 #7 - SUBJECT ADDED ENTRY--TOPICAL TERM |
| Topical term or geographic name entry element |
Economics. |
| Source of heading or term |
fast |
| Authority record control number or standard number |
(OCoLC)fst00902116 |
| 655 #7 - INDEX TERM--GENRE/FORM |
| Genre/form data or focus term |
History. |
| Source of term |
fast |
| Authority record control number or standard number |
(OCoLC)fst01411628 |
| 906 ## - LOCAL DATA ELEMENT F, LDF (RLIN) |
| a |
0 |
| b |
ibc |
| c |
copycat |
| d |
2 |
| e |
epcn |
| f |
20 |
| g |
y-gencatlg |